| 000 | 01038nam0a22002771 4500 | ||
|---|---|---|---|
| 001 | rc\2772202 | ||
| 005 | 20250806210723.0 | ||
| 035 | _a(NLR Aleph) 006898559 | ||
| 090 |
_a12634 _c12634 |
||
| 100 | _a20110915d1941 u y0rusy50 ca | ||
| 101 | 0 | _arus | |
| 102 | _aRU | ||
| 105 | _ay z ||||| | ||
| 200 | 1 |
_aДети подземелья _aСлепой музыкант _fВ сокращении и обработке Н. Г. Жуковской |
|
| 210 |
_aБаку _cАзернешр _d1941 |
||
| 215 |
_a80 с. _d23 см. |
||
| 225 | 1 | _aБиблиотека внеклассного чтения | |
| 700 | 1 |
_aКороленко _bВ.Г. _f1853-1921 _gВладимир Галактионович |
|
| 702 | 1 |
_aЖуковская _bН.Г. _4570 |
|
| 801 | 0 |
_aRU _bNLR _gpsbo |
|
| 801 | 1 |
_aRU _bELAR _2rusmarc |
|
| 852 |
_aNLR _jЯ60 Г-5/108 |
||
| 942 | _cBOOK | ||
| 945 |
_aРоссийская национальная библиотека _aНациональная библиотека Азербайджана |
||
| 980 | _aNB | ||
| 980 | _aBV | ||